Swarnajayanti Gram Swarozgar Yojana (SGSY) in Tiruvannamalai district: (Record no. 25081)

MARC details
000 -LEADER
fixed length control field 00884nam a22002177a 4500
008 - FIXED-LENGTH DATA ELEMENTS--GENERAL INFORMATION
fixed length control field 090312t xxu||||| |||| 00| 0 eng d
010 ## - LCCN (DPL NO)
LC control number ENG-93142
020 ## - INTERNATIONAL STANDARD BOOK NUMBER
Terms of availability 70.00
International Standard Book Number 9788190756334
035 ## - SYSTEM CONTROL NUMBER
System control number EN-76675
037 ## - SOURCE OF ACQUISITION
Source of stock number/acquisition DBAD / PUB
040 ## - CATALOGING SOURCE
Original cataloging agency dpl
Language of cataloging English
082 ## - DEWEY DECIMAL CLASSIFICATION NUMBER
Classification number 338.954
100 ## - MAIN ENTRY--PERSONAL NAME
Personal name Arasu, S.
245 ## - TITLE STATEMENT
Title Swarnajayanti Gram Swarozgar Yojana (SGSY) in Tiruvannamalai district:
Statement of responsibility, etc by S. Arasu
Remainder of title a historical study /
260 ## - PUBLICATION, DISTRIBUTION, ETC. (IMPRINT)
Place of publication, distribution, etc Kanyakumari
Name of publisher, distributor, etc Kamaraj Pathipagam
Date of publication, distribution, etc 2008
270 ## - ADDRESS
Address 14/135, Kamaraj Street, Agatheswaram Post,
City Kanyakumari
Postal code 629701
300 ## - PHYSICAL DESCRIPTION
Extent 88p.
Dimensions 21cm (pbk)
500 ## - GENERAL NOTE
General note Includes bibliographical references
942 ## - ADDED ENTRY ELEMENTS (KOHA)
Source of classification or shelving scheme Dewey Decimal Classification
Item type English Books
Call number suffix ARA
Classification part 338.954
Holdings
Withdrawn status Lost status Source of classification or shelving scheme Damaged status Not for loan Collection code Home library Current library Date acquired Source of acquisition Cost, normal purchase price Total Checkouts Full call number Barcode Date last seen Copy number Cost, replacement price Koha item type
    Dewey Decimal Classification   Not For Loan Non-fiction D.B.Act.Division D.B.Act.Division 12/03/2009 DBAD / PUB 70.00   338.954 ARA EN-76675 12/03/2009 1 70.00 English Books

© Delhi Public Library
Hit Counter
free hit counter